000 00219 a2200097 4500
001 13259
100 _aArdley, N
245 _aInfinity's Encyclopaedia of science
260 _a
_bInfinity Books
_c
090 _c10251
_d10251
942 _aNUST-CAE
_cM
_c283
999 _c248332
_d248332